|
|
|
|
| LEADER |
00734nam a2200229Ia 4500 |
| 008 |
240829s9999 xx 000 0 und d |
| 020 |
|
|
|a 978-84-9732-203-4
|
| 040 |
|
|
|a BIBLIOTECA-RUSB/ 621.31925 R744
|
| 041 |
|
|
|a spa
|
| 082 |
|
|
|a 621.31925 R744
|
| 100 |
1 |
|
|a Roldán Viloria, José
|
| 245 |
1 |
0 |
|a Seguridad en las instalaciones eléctricas : equipos e instalaciones eléctricas adaptado al nuevo RBT
|
| 250 |
|
|
|a 2a.ed.
|
| 260 |
|
|
|a Madrid, España
|b Thomson
|c 2003
|
| 300 |
|
|
|a 217 p. :il.
|
| 650 |
7 |
|
|a INSTALACIONES ELECTRICAS-SEGURIDAD
|
| 650 |
7 |
|
|b PROTECCION ELECTRICA
|
| 650 |
7 |
|
|c INSTALACIONES ELECTRICAS-DISTRIBUCION
|
| 650 |
7 |
|
|d INSTALACIONES ELECTRICAS-MEDIDAS
|
| 942 |
|
|
|c BK
|2 ddc
|
| 991 |
|
|
|a TEXTO
|
| 999 |
|
|
|c 3212
|